MDQL
is popping MORE tags! Check the
thread
!
Quizzes
Events
Quiz Creation
Community
Videos
Private Events
Remove Ads
Sign In
Join for FREE
Feedback
Dark Mode
Quiz Categories
Sports
Geography
Music
Movies
Television
Just For Fun
Miscellaneous
History
Literature
Language
Science
Gaming
Entertainment
Religion
Holiday
For Kids
Quiz Lab
Recent
Popular Today
Quiz Kudos Today
Editor Picks
Curator Picks
Quizzes by...
Day
Popularity
Type
Ratings
Length
Year
Community
Subscriptions
Recent Discussions
Orange Saloon
Badges
Playlists
Quests
Create
Leaderboards
Showdown
Live 5
Trivia Bingo
Activity
Puzzle Library
Sporcle Events
Private Events
Virtual Trivia
Globe League
Become a Host
Pub Owners
SporcleCon
Opinionation
Our Games
Videos
Blog
Mobile Apps
Partnerships
Remove Ads and Go Orange
Feedback
Religion
Mythology
Religious Music
World Religions
Bible
Christianity
Catholicism
Judaism
Church
Scripture
Islam
Verse
Religion
Mythology
Religious Music
World Religions
Bible
Christianity
Catholicism
Judaism
Church
Scripture
Islam
Verse
Random Quiz
Search Sporcle
×
Quiz Lab
Quiz Lab
Religion
Clickable
Select answers by clicking on text or image buttons
Select answers by clicking on text or image buttons
Clickable
Best Score? Go Orange.
Philippians 2:19-30 NIV 84 Stats
Can you pick the Philippians 2:19-30 NIV 84?
By
cbuiten_15
10m
30 Questions
8 Plays
8 Plays
8 Plays
Comments
Comments
Give Quiz Kudos
Give Quiz Kudos
-
- Ratings
hide this ad
Forced Order
Answers have to be entered in order
Answers have to be entered in order
Random Order
Randomize order of answers
Randomize order of answers
Replay
Link that replays current quiz
Next Quiz
Link to next quiz in quiz playlist
You Got
0%
They Got
Avg Score
28%
Avg Friend Score
Upgrade to see
Score Distribution
Jump to the score distribution portion of the page
Score
0/30
Timer
10:00
0
Plays Today
% Correct
Timothy to you soon
37.5%
those of Jesus Christ.
37.5%
know that Timothy has proved himself,
37.5%
therefore, to send him as soon as I see how things go with me.
37.5%
to you Epaphroditis, my
37.5%
is also your messenger, whom you sent to take
37.5%
had mercy on him and not on him only but also on me to
37.5%
me sorrow upon sorrow.
37.5%
almost died for the work of Christ,
37.5%
you could not give me.
37.5%
in the Lord Jesus
25%
also may be cheered
25%
no one else like him who
25%
a genuine interest in your welfare.
25%
looks out for his own interests,
25%
% Correct
as a son with his father,
25%
served with me in the work of the gospel.
25%
am confident in the Lord, that I myself will come soon.
25%
I think it is necessary to send
25%
fellow worker and fellow soldier
25%
of my needs.
25%
longs for all of you and is distressed
25%
you heard he was ill.
25%
he was ill, and almost died, But
25%
all the more eager to send him, so that
25%
you see him again you may be glad and I may have less anxiety.
25%
him in the Lord with great joy and
25%
men like him.
25%
his life to make up for the
25%
I receive news about you.
12.5%
Quiz Playlist
Details
Report
Send in Message
Add To Playlist
Clickable:
Select answers by clicking on text or image buttons
Forced Order:
Answers have to be entered in order
Random Order:
Randomize order of answers
Last Updated: Feb 16, 2017
Quiz Scoreboard
CHALLENGE
Sign Up to Join the Scoreboard
Show All
Scores
Hide
Comments
May contain spoilers
Recently Published
Holiday 10x10 Sorting Gallery
by lukepisani3
Holiday
15m
Two Season TV Shows II
by 123Four
Television
10m
Image Sorting: Flags VI
by Barbecue
Geography
2m
More to Explore
Quiz From the Vault
Featured Blog Post
14 Easter Pick-up Lines to Find Eggs With
hide this ad
You Might Also Like...
Tags
Clickable Quiz
NIV
Philippian
Today's Top Quizzes in Religion
Browse Religion
hide this ad
Today's Top Quizzes in Clickable
Browse Clickable
Top Contributed Quizzes in Religion
1
Christmas Pick: Judaism
2
Mini Trivia Sudoku: Mythology
3
99 names of Allah
4
Religions Spelling Bee
5
Christmas Pick: Islam
6
Christmas Pick: World Religions
7
Artistic Maundy Thursday
8
5-to-1: Children of Gods
9
Longevity in the Bible
10
5-to-1: European Churches
Explore More
Trending Topics
Anime
NBA
Kpop
Marvel
Harry Potter
Disney
Crossword
Puzzle
Soccer
Pokémon
Country
NFL
The Office
WWE
Song
hide this ad
More By:
cbuiten_15
Quiz
Plays
Rating
Category
Featured
Created
Galatians 1:1-9 NIV 84
56
Religion
Nov 15, 2015
Philippians 1: 1-11 NIV 84
21
Religion
Nov 25, 2015
Galatians 3:1-9 NIV 84
18
Religion
Nov 16, 2015
Galatians 1:18-24 NIV 84
15
Religion
Nov 15, 2015
Philippians 2: 1-11 NIV 84
15
Religion
Dec 27, 2015
Go to Creator's Profile
Score Distribution
Quiz Creator Spotlight
cbuiten_15
Follow
Send a Message
Quizzes Created
-
Created Quiz Play Count
-
More By This Creator
Popular Quizzes Today
1
Find the US States - No Outlines Minefield
2
Colored Red Africa Blitz
3
Find the 'City' Movie
4
The Countries of the World
5
Find the US States
6
5x2 Blitz: Bands
7
Find the Countries of Europe - No Outlines Minefield
8
US States
More Religion Quizzes
Religions According to Wikipedia
Published
Trending Quizzes
Colored Red Europe Blitz I
Colored Red Europe Blitz II
Colored Red Africa Blitz II
Colored Red Europe Blitz III
Colored Red Africa Blitz III
Recently Updated
Odd Team Out - Big 4 Players
pecheneg
Quick Pick: 20 Twenties
pecheneg
March Madness Men's Triple Doubles
pecheneg
How Do You Spell That?
pecheneg
Godzilla Movies
pecheneg
Grab Bag: 4-10 Letters
pecheneg
2024 March Madness Bracket
pecheneg
Famous TV Couples
Peacemaker
Champions League XIs: Real Madrid
pecheneg
Largest US Cities 1790-2010
pecheneg
Trending Topics
Anime
Crossword
NBA
Harry Potter
Disney
Marvel
Kpop
Country
Soccer
Song
WWE
Puzzle
NFL
Pokémon
The Office
Your Account Isn't Verified!
In order to create a playlist on Sporcle, you need to verify the email address you used during registration. Go to your
Sporcle Settings
to finish the process.
Report this User
Report this user for behavior that violates our
Community Guidelines
.
Details:
Send Report
Go to the Sporcle.com Mobile Site →
Comments